00182nam a2200073Ia 4500082001600000245001800016100003300034008004100067 aJ 745.5 WAL 0aYOUNG CRAFTS  a WALKER, S. London, 1976 210817s9999 xx 000 0 und d